| 000 | 00613nam a2200205Ia 4500 | ||
|---|---|---|---|
| 003 | GCL | ||
| 008 | 140319s9999 xx 000 0 ara d | ||
| 040 |
_aGCL / _cGCL |
||
| 082 | 0 | 4 |
_a521.54 _bب م |
| 100 | 1 | _aباركر، برثا موريس | |
| 245 | 1 | 0 |
_aماوراء المجموعة الشمسية / _cباركر، برثا موريس |
| 700 | 1 | _aادوار رياض | |
| 300 | _a36 ص | ||
| 490 |
_aمجموعة الكتب العلمية المبسطة _v0 |
||
| 650 | 0 | 4 | _aالنجوم |
| 650 | 0 | 4 | _aالفلك |
| 650 | 0 | 4 | _aالكواكب |
| 650 | 0 | 4 | _aالنظام الشمسى |
| 942 |
_2ddc _cBK |
||
| 999 |
_c51338 _d51338 |
||